[Event "Sachsen-ch U12 Girls"]
[Site "Sebnitz"]
[Date "2012.04.11"]
[Round "2"]
[White "Stoppe, Katharina"]
[Black "Boehle, Rebecca"]
[Result "1/2-1/2"]
[WhiteElo "853"]
[BlackElo "1095"]
[PlyCount "136"]
[EventDate "2012.04.10"]
[EventType "swiss"]
[EventRounds "7"]
[EventCountry "GER"]
[SourceTitle "CBM 148 Extra"]
[Source "ChessBase"]
[SourceDate "2012.06.22"]
[SourceVersion "1"]
[SourceVersionDate "2012.06.22"]
[SourceQuality "1"]

1. e4 e5 2. Nf3 Nc6 3. Bc4 Bc5 4. c3 Nf6 5. 0-0 d6 6. Re1 Ng4 7. Re2 Be6 8. Bxe6 fxe6 9. d4 exd4 10. cxd4 Bb6 11. d5 Nce5 12. Qb3 Nxf3+ 13. Qxf3 Qh4 14. h3 Ne5 15. Qf4 Qh5 16. Nc3 Rf8 17. Qg3 0-0-0 18. Be3 exd5 19. Bxb6 axb6 20. exd5 b5 21. b4 g5 22. Re4 Nc4 23. Qg4+ Qxg4 24. Rxg4 h6 25. Nxb5 Ne5 26. Rg3 Rde8 27. Ra3 Nc4 28. Rc3 Re4 29. f3 Ref4 30. Rac1 Nb6 31. Rxc7+ Kd8 32. Rxb7 Nxd5 33. Rb8+ Kd7 34. Rb7+ Kd8 35. Nxd6 Ne7 36. Rb8+ Kd7 37. Rb6 Nd5 38. Ra6 Nxb4 39. Rb6 Nxa2 40. Ra1 Kc7 41. Ra6 Nb4 42. Rc1+ Kd7 43. Rb6 R8f6 44. Rc4 Rxd6 45. Rcxb4 Rxb4 46. Rxb4 Ke6 47. Re4+ Kf6 48. Kh2 Re6 49. Rxe6+ Kxe6 50. g4 Ke5 51. Kg3 Kf6 52. f4 gxf4+ 53. Kxf4 Kg6 54. h4 h5 55. gxh5+ Kxh5 56. Kg3 Kh6 57. Kg4 Kh7 58. h5 Kg7 59. Kg5 Kg8 60. h6 Kh8 61. Kg6 Kg8 62. Kg5 Kh7 63. Kh5 Kg8 64. Kg6 Kh8 65. Kg5 Kh7 66. Kh5 Kg8 67. Kg5 Kh7 68. Kh5 Kg8 1/2-1/2

[Event "Sachsen-ch U12 Girls"]
[Site "Sebnitz"]
[Date "2011.04.30"]
[Round "7"]
[White "Stoppe, Katharina"]
[Black "Heyne, Julia"]
[Result "0-1"]
[WhiteElo "838"]
[BlackElo "933"]
[PlyCount "36"]
[EventDate "2011.04.26"]
[EventType "swiss"]
[EventRounds "7"]
[EventCountry "GER"]
[SourceTitle "EXT 2012"]
[Source "ChessBase"]
[SourceDate "2011.11.24"]
[SourceVersion "1"]
[SourceVersionDate "2011.11.24"]
[SourceQuality "1"]

1. e4 e5 2. Nf3 Nc6 3. d4 d6 4. Bc4 Nf6 5. Nc3 g6 6. Bg5 Bg7 7. 0-0 Bg4 8. h3 Bh5 9. g4 h6 10. Nd5 hxg5 11. gxh5 Rxh5 12. dxe5 Qc8 13. Nxf6+ Bxf6 14. Re1 Qxh3 15. Nh2 Bxe5 16. Be2 Bxh2+ 17. Kh1 Bg1+ 18. Kxg1 Qh1# 0-1

[Event "Sachsen-ch U12 Girls"]
[Site "Sebnitz"]
[Date "2011.04.29"]
[Round "6"]
[White "Dietrich, Michelle"]
[Black "Stoppe, Katharina"]
[Result "1-0"]
[WhiteElo "1118"]
[BlackElo "838"]
[PlyCount "63"]
[EventDate "2011.04.26"]
[EventType "swiss"]
[EventRounds "7"]
[EventCountry "GER"]
[SourceTitle "EXT 2012"]
[Source "ChessBase"]
[SourceDate "2011.11.24"]
[SourceVersion "1"]
[SourceVersionDate "2011.11.24"]
[SourceQuality "1"]

1. e4 e5 2. Nf3 Nc6 3. Bc4 Bc5 4. c3 Nf6 5. d3 d6 6. Bg5 Be6 7. Nbd2 h6 8. Bh4 g5 9. Nxg5 hxg5 10. Bxg5 Rg8 11. Bh4 Rxg2 12. Qf3 Rg6 13. 0-0-0 Qe7 14. Rdg1 Bg4 15. Rxg4 Rxg4 16. Bxf6 Qxf6 17. Qxf6 Nd8 18. Bxf7+ Nxf7 19. Qe6+ Kd8 20. Qxg4 Ke7 21. Qh4+ Kd7 22. Rg1 Rh8 23. Qf6 Ke8 24. Rg7 Rf8 25. Qe6+ Kd8 26. Rxf7 Rxf7 27. Qxf7 c6 28. Nf3 Bxf2 29. Kc2 b5 30. Ng5 Bh4 31. Ne6+ Kc8 32. Qc7# 1-0

[Event "Sachsen-ch U12 Girls"]
[Site "Sebnitz"]
[Date "2011.04.27"]
[Round "3"]
[White "Demme, Miriam"]
[Black "Stoppe, Katharina"]
[Result "1/2-1/2"]
[WhiteElo "945"]
[BlackElo "838"]
[PlyCount "86"]
[EventDate "2011.04.26"]
[EventType "swiss"]
[EventRounds "7"]
[EventCountry "GER"]
[SourceTitle "EXT 2012"]
[Source "ChessBase"]
[SourceDate "2011.11.24"]
[SourceVersion "1"]
[SourceVersionDate "2011.11.24"]
[SourceQuality "1"]

1. e4 e5 2. Nf3 Nc6 3. Bc4 Bc5 4. d3 Nf6 5. Be3 d6 6. Bxc5 dxc5 7. Nc3 Nd4 8. Nxe5 0-0 9. 0-0 Be6 10. Bb3 Bxb3 11. axb3 Qe7 12. Nf3 b6 13. e5 Ng4 14. Qd2 Nxe5 15. Nxe5 Qxe5 16. Rfe1 Qf6 17. Ne2 Rfe8 18. Nxd4 Qxd4 19. Rxe8+ Rxe8 20. c3 Qf6 21. Rxa7 Qc6 22. Qf4 Ra8 23. Rxa8+ Qxa8 24. h3 Qa1+ 25. Kh2 Qxb2 26. Qxc7 h6 27. Qxb6 Qxc3 28. Qb5 Qe5+ 29. g3 Qd6 30. Qe8+ Kh7 31. Qxf7 Qxd3 32. Qb7 Qf1 33. Qe4+ Kg8 34. Qd5+ Kh7 35. Qxc5 Qb1 36. b4 Qa2 37. b5 Qa8 38. b6 Qb7 39. Qc7 Qf3 40. b7 Qxf2+ 41. Kh1 Qf1+ 42. Kh2 Qf2+ 43. Kh1 Qf1+ 1/2-1/2